[Event "FRM-chT 32nd"]
[Site "Struga"]
[Date "2024.07.31"]
[Round "8.5"]
[White "Krstev, Emil"]
[Black "Veljanoski, Andrej"]
[Result "0-1"]
[WhiteElo "1902"]
[BlackElo "2291"]
[PlyCount "152"]
[EventDate "2024.07.24"]
[EventType "team-tourn"]
[EventRounds "9"]
[EventCountry "MKD"]
[SourceTitle "EXT 2025"]
[Source "ChessBase"]
[SourceDate "2024.10.14"]
[SourceVersion "1"]
[SourceVersionDate "2024.10.14"]
[SourceQuality "1"]
[WhiteTeam "Skopje Shkupi"]
[BlackTeam "Skopje Gambit Asseko"]
[WhiteTeamCountry "MKD"]
[BlackTeamCountry "MKD"]

1. f4 d5 2. b3 Nf6 3. e3 g6 4. Nf3 Bg7 5. Bb2 0-0 6. Be2 c5 7. 0-0 Nc6 8. Ne5 Qc7 9. Nxc6 Qxc6 10. a4 b6 11. Na3 a5 12. Bf3 Ba6 13. Be2 Bb7 14. Bf3 Rad8 15. Re1 Qc8 16. d3 h5 17. Qe2 Nd7 18. Bxg7 Kxg7 19. e4 dxe4 20. Bxe4 Bxe4 21. Qxe4 Nf6 22. Qf3 e6 23. Nc4 Qc7 24. g3 Rd4 25. Na3 Rd7 26. Nb5 Qb7 27. Qxb7 Rxb7 28. Nd6 Rd7 29. Nc4 Rb8 30. Kg2 Nd5 31. Ne5 Rd6 32. Nc4 Rdd8 33. Re5 Nb4 34. Re2 Nc6 35. h4 Nd4 36. Rf2 Nf5 37. Ne5 Rb7 38. Kf3 Kf6 39. Nc4 Nd6 40. Re2 Nf5 41. Kg2 Nd4 42. Rf2 Ke7 43. Ne5 Rc8 44. Nc4 Re8 45. Re1 Ra8 46. Ra1 Nc6 47. Ne5 Kd6 48. Nxc6 Kxc6 49. Re2 Rd7 50. Re4 Rd4 51. Kf3 Rad8 52. Rae1 Rb4 53. Rxb4 axb4 54. g4 hxg4+ 55. Kxg4 Rd5 56. Ra1 Rf5 57. Re1 Kd5 58. Re4 Rh5 59. Re5+ Rxe5 60. fxe5 Kd4 61. Kg5 Kxe5 62. Kh6 Kf6 63. Kh7 g5 64. hxg5+ Kxg5 65. Kg7 f5 66. Kf7 f4 67. Kxe6 f3 68. Kd6 f2 69. Kc6 f1Q 70. Kxb6 Qf2 71. a5 Qxc2 72. a6 Qxb3 73. a7 Qa3 74. Kb7 b3 75. a8Q Qxa8+ 76. Kxa8 b2 0-1

[Event "FRM-ch op"]
[Site "Skopje"]
[Date "2024.05.17"]
[Round "8"]
[White "Krstev, Emil"]
[Black "Jancev, Valentin"]
[Result "1/2-1/2"]
[WhiteElo "1925"]
[BlackElo "1752"]
[PlyCount "120"]
[EventDate "2024.05.11"]
[EventType "swiss"]
[EventRounds "9"]
[EventCountry "MKD"]
[SourceTitle "CBM 220 Extra"]
[Source "ChessBase"]
[SourceDate "2024.07.31"]
[SourceVersion "1"]
[SourceVersionDate "2024.07.31"]
[SourceQuality "1"]

1. Nf3 d5 2. g3 c6 3. b3 Nf6 4. Bb2 Bf5 5. Bg2 Nbd7 6. Ne5 Nxe5 7. Bxe5 e6 8. Bb2 Be7 9. d3 h6 10. Nd2 Qa5 11. 0-0 0-0 12. a3 Qc7 13. e4 dxe4 14. Nxe4 Qd8 15. Qe2 Bxe4 16. dxe4 Qb6 17. Rad1 Rad8 18. a4 Rxd1 19. Rxd1 Rd8 20. h3 Rxd1+ 21. Qxd1 Qd8 22. Qxd8+ Bxd8 23. Kf1 Kf8 24. Ke2 Nd7 25. f4 Bf6 26. e5 Be7 27. a5 a6 28. Bc3 h5 29. Kd3 g6 30. Kc4 Ke8 31. b4 Kd8 32. Bd4 Kc7 33. Be4 Kc8 34. Bf2 Kc7 35. Kb3 Kc8 36. c4 Kc7 37. Bd3 Kc8 38. Be1 Kc7 39. Kc3 Kc8 40. Kc2 Kc7 41. Kd1 Kd8 42. Be4 Kc7 43. Ke2 Kc8 44. Kf3 Bd8 45. c5 Be7 46. Bf2 Kd8 47. g4 hxg4+ 48. Kxg4 Ke8 49. Bh4 Bxh4 50. Kxh4 Kf8 51. Kg5 Kg7 52. h4 Nb8 53. Bf3 Nd7 54. h5 gxh5 55. Bxh5 f6+ 56. exf6+ Nxf6 57. Bg6 Nd5 58. Be8 Nxb4 59. Bd7 Kf7 60. Bc8 Nd3 1/2-1/2

[Event "FRM-ch op"]
[Site "Skopje"]
[Date "2024.05.12"]
[Round "3"]
[White "Bujukliev, Nikola"]
[Black "Krstev, Emil"]
[Result "1/2-1/2"]
[WhiteElo "2165"]
[BlackElo "1925"]
[PlyCount "135"]
[EventDate "2024.05.11"]
[EventType "swiss"]
[EventRounds "9"]
[EventCountry "MKD"]
[SourceTitle "CBM 220 Extra"]
[Source "ChessBase"]
[SourceDate "2024.07.31"]
[SourceVersion "1"]
[SourceVersionDate "2024.07.31"]
[SourceQuality "1"]

1. d4 d6 2. g3 e5 3. dxe5 dxe5 4. Qxd8+ Kxd8 5. Nf3 f6 6. Bg2 c6 7. 0-0 Bf5 8. c3 Nd7 9. a4 a5 10. Rd1 Bc5 11. Na3 Kc7 12. Ne1 Nb6 13. b3 Ne7 14. Nd3 Rhd8 15. Bb2 Bxd3 16. Rxd3 Rxd3 17. exd3 Rd8 18. Rd1 Ned5 19. Nc2 h6 20. Kf1 Rd7 21. Ke2 Rd8 22. d4 exd4 23. Nxd4 Re8+ 24. Kf1 g6 25. h4 h5 26. Ne2 Rd8 27. Ke1 Rd6 28. Bc1 Re6 29. Kf1 Rxe2 30. Kxe2 Nxc3+ 31. Ke1 Nxd1 32. Kxd1 Bxf2 33. Bf4+ Kd7 34. Ke2 Bc5 35. Be4 f5 36. Bd3 Nd5 37. Bh6 Bd6 38. Kf3 Be5 39. Bc4 Ke7 40. Bd2 b6 41. Be1 Kd6 42. Bf2 c5 43. Be1 Bd4 44. Bd2 Ke5 45. Bf4+ Ke6 46. Bc7 Bc3 47. Bxb6 Bb4 48. Bc7 Bc3 49. Bf4 Be5 50. Bd2 Bc7 51. Bh6 Bb6 52. Bf4 Bd8 53. Bb8 g5 54. hxg5 Bxg5 55. Bc7 Bd2 56. Bb8 Be1 57. Bf4 h4 58. gxh4 Bxh4 59. Bd2 Bd8 60. Bf4 Bb6 61. Bb8 Bd8 62. Bf4 Bf6 63. Bd2 Bd8 64. Bf4 Bb6 65. Bb8 Bd8 66. Bf4 Bb6 67. Bb8 Bd8 68. Bf4 1/2-1/2

[Event "FRM-ch op"]
[Site "Skopje"]
[Date "2024.05.12"]
[Round "2"]
[White "Krstev, Emil"]
[Black "Markusheski, Mihail"]
[Result "1-0"]
[WhiteElo "1925"]
[BlackElo "1506"]
[PlyCount "71"]
[EventDate "2024.05.11"]
[EventType "swiss"]
[EventRounds "9"]
[EventCountry "MKD"]
[SourceTitle "CBM 220 Extra"]
[Source "ChessBase"]
[SourceDate "2024.07.31"]
[SourceVersion "1"]
[SourceVersionDate "2024.07.31"]
[SourceQuality "1"]

1. Nf3 Nf6 2. g3 g6 3. b3 Bg7 4. Bb2 0-0 5. d4 d5 6. Bg2 Bd7 7. Ne5 Nc6 8. 0-0 Ne4 9. Nd2 Nxe5 10. dxe5 Bf5 11. h3 h5 12. Rc1 Qd7 13. Nxe4 dxe4 14. Qxd7 Bxd7 15. Bxe4 Bxh3 16. Rfd1 c6 17. Rd3 Rfd8 18. Rcd1 Rxd3 19. Rxd3 Kf8 20. a4 Ke8 21. a5 Rd8 22. a6 Rxd3 23. exd3 Bc8 24. f4 Kd8 25. Bd4 b6 26. Bxc6 Bxa6 27. Kf2 Bc8 28. Ke3 Bd7 29. Bxd7 Kxd7 30. e6+ Kxe6 31. Bxg7 f6 32. c4 Kf7 33. Bh6 Kg8 34. d4 Kh7 35. c5 Kxh6 36. c6 1-0

[Event "Skopje op-B"]
[Site "Skopje"]
[Date "2023.12.10"]
[Round "6"]
[White "Rousseau, Christilla"]
[Black "Krstev, Emil"]
[Result "0-1"]
[WhiteElo "1664"]
[BlackElo "1871"]
[PlyCount "80"]
[EventDate "2023.12.06"]
[EventType "swiss"]
[EventRounds "9"]
[EventCountry "MKD"]
[SourceTitle "CBM 217 Extra"]
[Source "ChessBase"]
[SourceDate "2024.01.31"]
[SourceVersion "1"]
[SourceVersionDate "2024.01.31"]
[SourceQuality "1"]

1. d4 d6 2. Nf3 Nd7 3. g3 e5 4. dxe5 dxe5 5. Bg2 Bc5 6. 0-0 Ngf6 7. b3 0-0 8. Bb2 Re8 9. c4 e4 10. Nd4 e3 11. fxe3 Ng4 12. Nc2 Bxe3+ 13. Nxe3 Nxe3 14. Qd4 Nf6 15. Na3 Qxd4 16. Bxd4 Nxf1 17. Rxf1 c6 18. e3 Ng4 19. h3 Ne5 20. Nc2 Bd7 21. a3 f6 22. Ne1 Rad8 23. Nf3 b6 24. Nxe5 fxe5 25. Bc3 c5 26. Bd5+ Be6 27. Be4 Bxh3 28. Rf2 Rd1+ 29. Kh2 Bg4 30. Bc6 Bd7 31. Bd5+ Be6 32. Bc6 Rf8 33. Rxf8+ Kxf8 34. Bxe5 Rd2+ 35. Kg1 Rd3 36. b4 Bxc4 37. bxc5 bxc5 38. e4 Rxa3 39. Kf2 Kf7 40. Bc7 Be6 0-1

[Event "Skopje op-B"]
[Site "Skopje"]
[Date "2023.12.06"]
[Round "1"]
[White "Krstevski, Pavel"]
[Black "Krstev, Emil"]
[Result "1/2-1/2"]
[WhiteElo "1317"]
[BlackElo "1871"]
[PlyCount "24"]
[EventDate "2023.12.06"]
[EventType "swiss"]
[EventRounds "9"]
[EventCountry "MKD"]
[SourceTitle "CBM 217 Extra"]
[Source "ChessBase"]
[SourceDate "2024.01.31"]
[SourceVersion "1"]
[SourceVersionDate "2024.01.31"]
[SourceQuality "1"]

1. d4 d6 2. Nf3 Nd7 3. Bf4 c5 4. e3 g6 5. c3 Bg7 6. Be2 Ngf6 7. h3 b6 8. Nbd2 Bb7 9. 0-0 0-0 10. a4 a5 11. Nc4 Rc8 12. Nfd2 h6 1/2-1/2

[Event "Skopje op"]
[Site "Skopje"]
[Date "2022.10.27"]
[Round "9"]
[White "Lusheski, Konstantin"]
[Black "Krstev, Emil"]
[Result "1-0"]
[WhiteElo "1626"]
[BlackElo "1953"]
[PlyCount "107"]
[EventDate "2022.10.21"]
[EventType "swiss"]
[EventRounds "9"]
[EventCountry "MKD"]
[SourceTitle "EXT 2024"]
[Source "ChessBase"]
[SourceDate "2023.10.10"]
[SourceVersion "1"]
[SourceVersionDate "2023.10.10"]
[SourceQuality "1"]

1. Nf3 Nf6 2. c4 d6 3. g3 g6 4. b4 Bg7 5. Bb2 0-0 6. Bg2 c6 7. d3 e5 8. 0-0 h6 9. Nc3 Bg4 10. a4 Qc8 11. Re1 Bh3 12. Bh1 Nbd7 13. Rc1 Ne8 14. b5 f5 15. Ba3 c5 16. Nd5 Qd8 17. e3 g5 18. Qc2 Nef6 19. d4 Nxd5 20. cxd5 g4 21. Nh4 Qf6 22. dxc5 Nxc5 23. Bxc5 Rac8 24. Qxf5 Rxc5 25. Qxf6 Rxf6 26. Rxc5 dxc5 27. Rc1 b6 28. Rd1 Bf8 29. Be4 Bd6 30. Nf5 Kf7 31. Nxd6+ Rxd6 32. Bf5 Ke7 33. e4 Rd8 34. f4 Kd6 35. Ra1 a5 36. bxa6 Ra8 37. Rd1 Rxa6 38. fxe5+ Kxe5 39. d6 Ra8 40. d7 Rd8 41. Rd5+ Kf6 42. Rd6+ Ke7 43. Rxb6 c4 44. Rc6 Rb8 45. Rc8 Rb1+ 46. Kf2 Rd1 47. Re8+ Kf7 48. d8Q Rf1+ 49. Ke3 Rf3+ 50. Ke2 Bf1+ 51. Ke1 Re3+ 52. Kxf1 Rf3+ 53. Ke2 Rxf5 54. exf5 1-0

[Event "Skopje op"]
[Site "Skopje"]
[Date "2022.10.22"]
[Round "2"]
[White "Draskovic, Luka"]
[Black "Krstev, Emil"]
[Result "1-0"]
[WhiteElo "2492"]
[BlackElo "1953"]
[PlyCount "115"]
[EventDate "2022.10.21"]
[EventType "swiss"]
[EventRounds "9"]
[EventCountry "MKD"]
[SourceTitle "EXT 2024"]
[Source "ChessBase"]
[SourceDate "2023.10.10"]
[SourceVersion "1"]
[SourceVersionDate "2023.10.10"]
[SourceQuality "1"]

1. e4 e6 2. d4 d5 3. Nc3 Nf6 4. e5 Ne4 5. Nxe4 dxe4 6. Bc4 a6 7. a4 b6 8. Ne2 Bb7 9. Nf4 g6 10. d5 Bg7 11. dxe6 Qxd1+ 12. Kxd1 fxe6 13. Nxe6 Bxe5 14. Ke2 Nc6 15. Rd1 Nd8 16. Bf4 Bxf4 17. Nxf4 Rf8 18. Nd5 Ne6 19. g3 Rd8 20. c3 Bxd5 21. Bxd5 Nc5 22. Rd4 Rf5 23. Rad1 Ke7 24. Bxe4 Rxd4 25. Rxd4 Nxe4 26. Rxe4+ Kd6 27. f4 c5 28. c4 Rf7 29. g4 b5 30. axb5 axb5 31. b3 bxc4 32. bxc4 Ra7 33. Kf3 Ra3+ 34. Kg2 Ra2+ 35. Kg3 Ra3+ 36. Kh4 Ra2 37. h3 Rd2 38. Kg5 Rd4 39. Re8 Rxc4 40. Rh8 Rd4 41. Rxh7 c4 42. Rh8 Kd7 43. Ra8 Rd6 44. Ra3 Rc6 45. Rc3 Ke6 46. Kxg6 Kd5+ 47. Kg5 Kd4 48. Rc1 c3 49. f5 Kd3 50. f6 Kd2 51. Rg1 c2 52. f7 Rc8 53. Kf6 c1Q 54. Rxc1 Kxc1 55. Kg7 Kd2 56. f8Q Rxf8 57. Kxf8 Ke3 58. g5 1-0

[Event "Skopje-ch Seniors"]
[Site "Skopje"]
[Date "2022.10.11"]
[Round "7"]
[White "Krstev, Emil"]
[Black "Kralevski, Aleksander"]
[Result "0-1"]
[WhiteElo "1953"]
[BlackElo "2089"]
[PlyCount "168"]
[EventDate "2022.10.07"]
[EventType "swiss"]
[EventRounds "7"]
[EventCountry "MKD"]
[SourceTitle "EXT 2024"]
[Source "ChessBase"]
[SourceDate "2023.10.10"]
[SourceVersion "1"]
[SourceVersionDate "2023.10.10"]
[SourceQuality "1"]

1. f4 Nc6 2. Nf3 g6 3. e4 d6 4. d4 Bg4 5. d5 Nb8 6. h3 Bxf3 7. Qxf3 Bg7 8. Qb3 Nd7 9. Qxb7 Rb8 10. Qc6 Rxb2 11. c3 Rb6 12. Qc4 Ngf6 13. Be3 Nc5 14. Bxc5 dxc5 15. Be2 0-0 16. 0-0 c6 17. dxc6 Rxc6 18. e5 Nd7 19. Rd1 Qc7 20. Bf3 Rb6 21. a4 e6 22. a5 Rb2 23. Nd2 g5 24. g3 gxf4 25. gxf4 Kh8 26. Rab1 Rxb1 27. Rxb1 Qxa5 28. Ne4 Bh6 29. Kh1 Nb6 30. Qd3 Nd5 31. Nf6 Nxf6 32. exf6 Bxf4 33. Qe4 Qa2 34. Be2 Qd5 35. Bf3 Qxe4 36. Bxe4 Be5 37. Rb5 Bxc3 38. Rxc5 Bxf6 39. Rh5 Bd4 40. Rxh7+ Kg8 41. h4 Rd8 42. Rh5 f5 43. Bc2 Bf6 44. Bb3 Rd6 45. Rxf5 Bxh4 46. Ra5 Bf2 47. Re5 Kg7 48. Rxe6 Rd7 49. Kg2 Bb6 50. Bc4 Rc7 51. Ba6 Kf7 52. Re2 Kf6 53. Kf3 Rc3+ 54. Kg2 Ra3 55. Bc4 Bd4 56. Re6+ Kf5 57. Re2 Kf4 58. Re7 a5 59. Bd5 Be5 60. Rf7+ Kg5 61. Be6 Bf6 62. Ra7 Kf4 63. Ra6 Ra1 64. Bf7 Bd4 65. Bb3 Rg1+ 66. Kh2 Rg5 67. Bf7 Kf3 68. Kh3 Rf5 69. Bg6 Rg5 70. Bf7 Rf5 71. Bg6 Rg5 72. Bf7 Rc5 73. Kh4 Bf2+ 74. Kh3 Rf5 75. Bg6 Rg5 76. Rf6+ Ke2 77. Be8 Kf1 78. Bg6 Kg1 79. Bf7 Rg3+ 80. Kh4 Rf3+ 81. Kg5 Bh4+ 82. Kxh4 Rxf6 83. Be8 a4 84. Kg5 a3 0-1

[Event "FRM-chT qual Gr-B"]
[Site "Ohrid"]
[Date "2020.08.22"]
[Round "3.3"]
[White "Ibrahimi, Suejd"]
[Black "Krstev, Emil"]
[Result "1-0"]
[WhiteElo "1740"]
[BlackElo "1961"]
[PlyCount "116"]
[EventDate "2020.08.21"]
[EventType "team-tourn"]
[EventRounds "5"]
[EventCountry "MKD"]
[SourceTitle "CBM 198 Extra"]
[Source "ChessBase"]
[SourceDate "2020.11.30"]
[SourceVersion "1"]
[SourceVersionDate "2020.11.30"]
[SourceQuality "1"]
[WhiteTeam "Matejche Teuta"]
[BlackTeam "Kumanovo Fisher"]
[WhiteTeamCountry "MKD"]
[BlackTeamCountry "MKD"]

1. e4 e6 2. d4 d5 3. exd5 exd5 4. c4 Nf6 5. h3 Bb4+ 6. Nc3 0-0 7. a3 Re8+ 8. Be3 Bxc3+ 9. bxc3 Ne4 10. Qc1 c6 11. Bd3 dxc4 12. Bxc4 Qe7 13. Ne2 Nd6 14. Bd3 Bf5 15. Qc2 Bxd3 16. Qxd3 b5 17. Ng3 Nc4 18. Nf5 Qe4 19. Qxe4 Rxe4 20. Ke2 Nd7 21. Rhe1 Ndb6 22. Kd3 Rae8 23. Ra2 g6 24. Nh6+ Kg7 25. Ng4 Nxe3 26. Rxe3 f5 27. f3 Rxe3+ 28. Nxe3 f4 29. Ng4 Nc4 30. a4 Re7 31. axb5 cxb5 32. d5 h5 33. Nf2 Nb6 34. d6 Rd7 35. Ne4 Nc4 36. Ra6 Kf7 37. Kd4 Nb6 38. Kc5 Ke6 39. Kxb5 Rg7 40. c4 g5 41. c5 Nc8 42. Kc6 Ke5 43. d7 Ne7+ 44. Kb5 Rg8 45. Nxg5 Nd5 46. d8Q Rxd8 47. Nf7+ Kd4 48. Ra4+ Ke3 49. Nxd8 Nc3+ 50. Ka5 Nxa4 51. Kxa4 Kf2 52. c6 Kxg2 53. c7 Kxh3 54. c8Q+ Kg3 55. Qf5 Kxf3 56. Ne6 Kg3 57. Qxf4+ Kh3 58. Ng5+ Kg2 1-0

[Event "FRM-chT qual Gr-B"]
[Site "Ohrid"]
[Date "2020.08.21"]
[Round "1.4"]
[White "Krstev, Emil"]
[Black "Trajanovski, Ratko"]
[Result "1/2-1/2"]
[WhiteElo "1961"]
[BlackElo "2167"]
[PlyCount "43"]
[EventDate "2020.08.21"]
[EventType "team-tourn"]
[EventRounds "5"]
[EventCountry "MKD"]
[SourceTitle "CBM 198 Extra"]
[Source "ChessBase"]
[SourceDate "2020.11.30"]
[SourceVersion "1"]
[SourceVersionDate "2020.11.30"]
[SourceQuality "1"]
[WhiteTeam "Kumanovo Fisher"]
[BlackTeam "Shipkovica Anpasan"]
[WhiteTeamCountry "MKD"]
[BlackTeamCountry "MKD"]

1. f4 d5 2. Nf3 Nf6 3. e3 e6 4. b3 Be7 5. Bb2 0-0 6. Be2 b6 7. 0-0 Bb7 8. Ne5 c5 9. d4 cxd4 10. exd4 Ne4 11. Nd2 Nxd2 12. Qxd2 f6 13. Nf3 Bd6 14. Bd3 Re8 15. Rfe1 Nd7 16. a4 a6 17. Re2 Qc7 18. g3 Re7 19. Rae1 Rae8 20. Qc3 Qxc3 21. Bxc3 g6 22. Bb2 1/2-1/2

[Event "Skopje op"]
[Site "Skopje"]
[Date "2019.12.06"]
[Round "1"]
[White "Krstev, Emil"]
[Black "Kochovski, Oliver"]
[Result "1-0"]
[WhiteElo "1997"]
[BlackElo "1361"]
[PlyCount "133"]
[EventDate "2019.12.06"]
[EventType "swiss"]
[EventRounds "9"]
[EventCountry "MKD"]
[SourceTitle "CBM 193 Extra"]
[Source "ChessBase"]
[SourceDate "2020.01.31"]
[SourceVersion "1"]
[SourceVersionDate "2020.01.31"]
[SourceQuality "1"]

1. f4 d5 2. e3 Nf6 3. Nf3 c5 4. Bb5+ Bd7 5. Be2 Nc6 6. b3 Qc7 7. Bb2 Bg4 8. Ne5 Bxe2 9. Qxe2 Nxe5 10. fxe5 Nd7 11. e6 fxe6 12. Qh5+ Kd8 13. Qf7 Qd6 14. 0-0 Kc7 15. Nc3 a6 16. Ne2 Ne5 17. Qh5 Ng6 18. Nf4 Nxf4 19. Rxf4 g6 20. Qg5 h6 21. Qxg6 e5 22. Qf7 exf4 23. Bxh8 fxe3 24. dxe3 Kc6 25. Rf1 h5 26. Rf5 Bh6 27. Re5 Rf8 28. Qh7 Qxe5 29. Qxh6+ Rf6 30. Bxf6 exf6 31. Kf2 Qf5+ 32. Kg3 Qg4+ 33. Kf2 Qh4+ 34. Kf1 Qg5 35. Qf8 Qf5+ 36. Ke1 Qe5 37. Qc8+ Kb6 38. Qd8+ Ka7 39. Kd2 Qxh2 40. Qxd5 Kb6 41. a4 Qe5 42. Qxe5 fxe5 43. Kd3 Kc6 44. Ke4 Kd6 45. Kf5 c4 46. bxc4 a5 47. e4 h4 48. c5+ Kxc5 49. Kxe5 b5 50. axb5 a4 51. b6 a3 52. b7 a2 53. b8Q a1Q+ 54. Ke6 Qa6+ 55. Ke7 Qe2 56. Qe5+ Kb4 57. Qd4+ Ka5 58. Qd5+ Kb4 59. e5 Qxc2 60. e6 Qh7+ 61. Kd8 Qg8+ 62. Kd7 Qg4 63. Kc6 Qg6 64. Qd6+ Kc3 65. Qe5+ Kc4 66. Kc7 Qe8 67. e7 1-0